Statistiques concernant Champions de la Copa America (Amerique du Sud Football )

Cliquez ici pour prendre le quiz!

Statistiques générales

  • Ce quiz a été pris 65 fois
  • Le résultat moyen est 7 sur 8

Statistiques - réponses

Réponse% Correct
Argentine / 15
100%
Bresil / 9
98%
Chili / 2
97%
Uruguay / 15
97%
Colombie / 1
91%
Paraguay / 2
88%
Perou / 2
86%
Bolivie / 1
76%

Distribution des résultats

Percentile par nombre de réponses

% des personnes avec chaque résultat

Votre développement - résultats

Vous n’avez pas pris ce quiz